Statistiche per Titoli di film che contengono città #7

Clicka qui per fare il quiz!

Statistiche generali

  • Questo quiz è stato fatto 19 volte
  • Il punteggio medio è 3 su 10

Statistiche sulle risposte

Titoli dei film (incompleti)AnnoCittà% Corretto
Il barbiere di ________1947Siviglia
100%
1997: Fuga da ________1981New York
56%
Natale a ________2005Miami
50%
The Dead - Gente di ________1987Dublino
25%
Vivere e morire a ________1985Las Vegas
19%
Lo sbarco di ________1968Anzio
13%
1944 - La battaglia di ________2019Cassino
13%
L'ultimo treno da ________1937Mosca
13%
A ________ nell'ombra1945Parigi
13%
Verso le coste di ________1942Tripoli
13%

Distribuzione punteggi

Percentile per numero di risposta

Percentuale di utenti per punteggio

I tuoi punteggi nel tempo

Non hai fatto questo quiz